Tile Select in Continents - Statistics

General Stats
  • This quiz has been taken 25 times
  • The average score is 73 of 80
Answer Stats
Question Tile Select % Correct
Countries in Europe Bulgaria Yes
100%
Countries in Asia Bulgaria No
100%
Countries in Africa Cameroon Yes
100%
Countries in Asia Comoros No
100%
Countries in Africa Djibouti Yes
100%
Countries in Oceania French Guiana No
100%
Countries in Africa Ghana Yes
100%
Countries in Europe Italy Yes
100%
Countries in Asia Japan Yes
100%
Countries in Europe Kyrgyzstan No
100%
Countries in Europe Libya No
100%
Countries in Africa Libya Yes
100%
Countries in Asia Mongolia Yes
100%
Countries in Asia Nauru No
100%
Countries in Europe Romania Yes
100%
Countries in Europe San Marino Yes
100%
Countries in Africa Somalia Yes
100%
Countries in Africa Spain No
100%
Countries in Asia Sudan No
100%
Countries in Africa Suriname No
100%
Countries in Europe Syria No
100%
Countries in Europe Tajikistan No
100%
Countries in Asia Ukraine No
100%
Countries in Europe Uzbekistan No
100%
Countries in Europe Albania Yes
95%
Countries in Africa Algeria Yes
95%
Countries in the Americas (including the Lucayan Archipelago) Antigua and Barbuda Yes
95%
Countries in Oceania Australia Yes
95%
Countries in the Americas (including the Lucayan Archipelago) Bahamas Yes
95%
Countries in the Americas (including the Lucayan Archipelago) Barbados Yes
95%
Countries in Africa Côte d'Ivoire Yes
95%
Countries in the Americas (including the Lucayan Archipelago) El Salvador Yes
95%
Countries in Asia Eritrea No
95%
Countries in Africa eSwatini Yes
95%
Countries in Africa Gabon Yes
95%
Countries in Europe Greece Yes
95%
Countries in Africa Guyana No
95%
Countries in Africa Liberia Yes
95%
Countries in Africa Madagascar Yes
95%
Countries in Oceania Marshall Islands Yes
95%
Countries in Oceania Nauru Yes
95%
Countries in Oceania New Zealand Yes
95%
Countries in Asia Palau No
95%
Countries in Africa Sri Lanka No
95%
Countries in Oceania Timor-Leste No
95%
Countries in Oceania Tuvalu Yes
95%
Countries in Europe Ukraine Yes
95%
Countries in Europe Algeria No
90%
Countries in Europe Belarus Yes
90%
Countries in the Americas (including the Lucayan Archipelago) Belize Yes
90%
Countries in the Americas (including the Lucayan Archipelago) Canada Yes
90%
Countries in Oceania Fiji Yes
90%
Countries in Asia Maldives Yes
90%
Countries in the Americas (including the Lucayan Archipelago) Mexico Yes
90%
Countries in Europe Moldova Yes
90%
Countries in Oceania Tahiti No
90%
Countries in Asia Turkey Yes
90%
Countries in Asia Yemen Yes
90%
Countries in Oceania Adelíe Land No
86%
Countries in the Americas (including the Lucayan Archipelago) Brazil Yes
86%
Countries in the Americas (including the Lucayan Archipelago) Colombia Yes
86%
Countries in Oceania F.S. Micronesia Yes
86%
Countries in the Americas (including the Lucayan Archipelago) Guadeloupe No
86%
Countries in Oceania Kiribati Yes
86%
Countries in the Americas (including the Lucayan Archipelago) Martinique No
86%
Countries in Oceania Papua New Guinea Yes
86%
Countries in the Americas (including the Lucayan Archipelago) Samoa No
86%
Countries in Asia Seychelles No
86%
Countries in Oceania Tokelau No
86%
Countries in the Americas (including the Lucayan Archipelago) United States Yes
86%
Countries in Oceania Cook Islands No
81%
Countries in the Americas (including the Lucayan Archipelago) Galapagos Islands No
81%
Countries in Oceania Niue No
81%
Countries in Asia Papua New Guinea No
81%
Countries in the Americas (including the Lucayan Archipelago) Paraguay Yes
81%
Countries in Asia Russia Yes
81%
Countries in the Americas (including the Lucayan Archipelago) Falkland Islands No
76%
Countries in Asia Ceylon No
57%
Countries in Africa Western Sahara No
48%
Countries in Europe Kazakhstan Yes
10%
No matching quizzes found
Score Distribution
Percent of People with Each Score
Percentile by Number Answered
Your Score History
You have not taken this quiz